Geography Quiz

Random Geography or City Quiz

Largest US Cities Ending in 'A' Quiz Stats

 Plays Quiz Updated Feb 25, 2019

Score 0/40 Timer 06:00
1 Play Today
Population City % Correct
486,290Atlanta
87.5%
1,580,863Philadelphia
77.4%
385,430Tampa
63.6%
197,166Augusta
55.5%
466,893Omaha
53.5%
401,800Tulsa
49%
133,114Columbia
48%
121,717Columbia
48%
496,401Mesa
42.3%
390,591Wichita
41.9%
126,587Topeka
41.8%
334,136Santa Ana
41.4%
213,418Tacoma
39.9%
334,136Aurora
39.2%
200,965Aurora
39.2%
107,014Santa Maria
33.9%
100,287Tuscaloosa
31.9%
168,181Peoria
28.3%
112,883Peoria
28.3%
127,134Santa Clara
26.9%
Population City % Correct
116,861Odessa
26.7%
160,035Alexandria
26%
153,520Pasadena
24.4%
142,647Pasadena
24.4%
179,139Chattanooga
24.1%
101,568Vista
21.3%
270,471Chula Vista
21%
175,452Santa Rosa
20.8%
210,888Santa Clarita
20.3%
152,939Pomona
13.7%
211,815Fontana
13.5%
177,452Rancho Cucamonga
13.2%
118,807Arvada
12.6%
167,836Corona
12.5%
110,790San Buenaventura
10.5%
133,010Visalia
10.5%
113,825Costa Mesa
9.8%
114,327Temecula
9%
107,598West Covina
8.1%
113,326Murrieta
7%

You're not logged in!

Compare scores with friends on all Sporcle quizzes.
OR
Log In

You Might Also Like...

Show Comments

Extras

Top Quizzes Today


Score Distribution

Your Account Isn't Verified!

In order to create a playlist on Sporcle, you need to verify the email address you used during registration. Go to your Sporcle Settings to finish the process.

Report this User

Report this user for behavior that violates our Community Guidelines.

Details: